| 000 | 00372nam a22001457a 4500 | ||
|---|---|---|---|
| 008 | 250708b |||||||| |||| 00| 0 eng d | ||
| 020 | _a9780593063095 | ||
| 050 |
_aPS 3569.T33828 _b.S77 |
||
| 100 | _aSteel Danielle | ||
| 245 | _aHotel Vendomes | ||
| 260 |
_aNew York _bBantam Press _c2011 |
||
| 300 | _a323p. | ||
| 650 | _aFathers and daughter-fiction | ||
| 942 | _cBK | ||
| 999 |
_c4180 _d4180 |
||